000 00423nam a2200157 i 4500
001 bg
100 1 _aDUDZIŃSKI, Zdzisław
245 0 _aEfektywność gospodarki magazynowej :
_bmetody oceny /
_cZ. Dudziński, A. Stachowiak.
260 _aWarszawa,
_c1975.
700 1 _aSTACHOWIAK, Ambroży
040 _cBPK
041 _apol
080 _a658.56+658.7:338
942 _cKS
008 s pl f |000 0 pol
999 _c9624
_d9624
856 _uhttp://koha.tu.koszalin.pl/cgi-bin/koha/opac-detail.pl?biblionumber=9624
_yKatalog online BPK